00657nam a2200193Ia 4500952013100000999001700131003000400148005001700152008004100169020001800210040000900228082001800237100002300255245004100278260004600319300000900365650004700374942004200421 00102ddc40708ISLAMaMESbMEScISLd2019-02-20g696.30l0o297.41 GHA/Wp38067r2019-02-20 00:00:00w2019-02-20yBKzGL46R2 c23133d23133OSt20200515090750.0190216s9999||||xx |||||||||||||| ||und|| a9789675062001 coclc a297.41bGHA/W aAl - Ghazali92196 0aWonders Of The Heart /cAl - Ghazali bIslamic Book Trust,c2011.aKuala Lumpur: a192p 0aHistory & geographyvIslamic History92271 cBK2ddch297.41iALG/Wk297.41mALG/W